Systém štátnej pokladnice vo vybraných krajinách Európskej únie a jeho budovanie v Slovenskej republike

Na minha lista:
Detalhes bibliográficos
Autor principal: Kordošová, Alena, 1970-
Formato: Capítulo de Livro
Idioma:eslovaco
Tags: Adicionar Tag
Sem tags, seja o primeiro a adicionar uma tag!

MARC

LEADER 00000naa$a2200000$$$4500
001 0097263
005 20240502083243.7
041 0 |a slo 
044 |a CZ 
245 1 0 |a Systém štátnej pokladnice vo vybraných krajinách Európskej únie a jeho budovanie v Slovenskej republike  |c Alena Kordošová 
100 1 |a Kordošová, Alena, 1970-